Conexões em língua portuguesa (Record no. 155480)

MARC details
000 -LÍDER
campo de controle de tamanho fixo 00373 a2200157 4500
001 - NÚMERO DE CONTROLE
campo de controle 155480
040 ## - FONTE DA CATALOGAÇÃO
Instituição que transcreveu o registro Escola São Tomás de Aquino
100 ## - ENTRADA PRINCIPAL--NOME PESSOAL
Nome pessoal ORMUNDO, Wilton
240 10 - TÍTULO UNIFORME
Título uniforme Conexões em língua portuguesa
Idioma da obra por
245 10 - TÍTULO
Título Conexões em língua portuguesa
300 ## - DESCRIÇÃO FÍSICA
Extensão 663
362 0# - DATAS DE PUBLICAÇÃO E/OU DESIGNAÇÃO SEQUENCIAL
Datas de publicação e/ou designação sequencial 2013
440 #1 - DECLARAÇÃO DE SÉRIE/ENTRADA ADICIONADA--TÍTULO
Título Moderna
697 ## - ENTRADA DE ASSUNTO LOCAL--ENTIDADE COLETIVA (RLIN)
Nome corporativo ou nome da jurisdição Língua portuguesa
942 ## - ELEMENTOS DE ENTRADA ADICIONADOS (KOHA)
Tipo de material Koha Livros
Holdings
Situação do descarte Situação das perdas Situação física Não pode ser emprestado Biblioteca de origem Biblioteca atual Data de aquisição Total de empréstimos Número de chamada completo Código de barras Data de último acesso Data do preço efetivo Tipo de material Koha
        ESTA - SÃO BENTO ESTA - SÃO BENTO 30/04/2024   469 ORM CON EST00009565 30/04/2024 30/04/2024 Livros